=LDR 00000nam 2200000 4500 =001 INLIS000000000000797 =990 ##$$a 00054902 =005 20130612085227 =990 ##$$a DW99000863 =008 ***********************************Ind** =990 ##$$a DW99000868 =035 ##$$0010-061300000000797 =990 ##$$a DW99000875 =041 ##$$a Ind =990 ##$$a 00084775 =082 ##$$a 301.07 =090 ##$$a 301.07, Sis-s =100 ##$$a Siswanto, Bambang =245 ##$$a Sosiologi 1 untuk kelas 2 SMU berdasarkan kurikulum SMU 1994 GBPP SMU, Bambang Siswanto, Kuswanto, Winduwinata =260 ##$$a 1995 $b Solo =300 ##$$a ...jil, 21 cm =650 ##$$a Sosiologi; Studi dan Pengajaran =700 ##$$a Kuswanto =850 ##$$a NBPNMAT